| 000 | 00000nam 2200000zi 4500 |
| 001 | 9.936409 |
| 003 | CaOODSP |
| 005 | 20240405143843 |
| 006 | m o d f |
| 007 | cr cn||||||||| |
| 008 | 240405e201906##onc o f000 0 eng d |
| 040 | |aCaOODSP|beng|erda|cCaOODSP |
| 043 | |an-cn--- |
| 086 | 1 |aIu4-269/2019-1E-PDF |
| 245 | 00|aSummary of the horizontal evaluation of the Community Futures Program |
| 264 | 1|a[Ottawa] : |bInnovation, Science and Economic Development Canada = Innovation, sciences et développement économique Canada, |cJune 2019. |
| 300 | |a1 online resource (2 unnumbered pages) |
| 336 | |atext|btxt|2rdacontent |
| 337 | |acomputer|bc|2rdamedia |
| 338 | |aonline resource|bcr|2rdacarrier |
| 500 | |aCaption title. |
| 520 | |a"The evaluation examined the relevance and performance of the Community Futures Program (CFP) between 2013-14 and 2017-18. This is the first national evaluation of the CFP, since the pilot was evaluated in 1990"--About the evaluation, page [1]. |
| 610 | 10|aCanada. |bInnovation, Science and Economic Development Canada|xEvaluation. |
| 610 | 16|aCanada. |bInnovation, sciences et développement économique Canada|xÉvaluation. |
| 650 | 0|aFederal aid to community development|zCanada|xEvaluation. |
| 650 | 0|aEconomic development|zCanada|xEvaluation. |
| 650 | 6|aAide de l'État au développement communautaire|zCanada|xÉvaluation. |
| 650 | 6|aDéveloppement économique|zCanada|xÉvaluation. |
| 710 | 1 |aCanada. |bInnovation, Science and Economic Development Canada, |eissuing body. |
| 856 | 40|qPDF|s159 KB|uhttps://publications.gc.ca/collections/collection_2024/isde-ised/iu4/Iu4-269-2019-1-eng.pdf |
| 856 | 4 |qHTML|sN/A|uhttps://ised-isde.canada.ca/site/audits-evaluations/en/evaluation/horizontal-evaluation-community-futures-program/summary-horizontal-evaluation-community-futures-program |